000 00540nam a2200193 a 4500
001 1409
003 BR-CuiBMT
005 20231207135338.0
008 231206s2000 mtb 000 0 por d
040 _aBR-CuiBMT
_cBR-CuiBMT
080 _a94
_x(817.2)
_22007
090 _a94(817.2)
_bM691r
100 1 0 _aModesto, Armando Santana
_d1927-2006
245 1 0 _aRescaldo político /
_cArmando Santana Modesto.
260 _aCuiabá :
_bs.n.
_c[200-].
300 _a45 p. ;
_c22 cm
650 _aPolítica matogrossense
_xHistória
942 _2udc
_cLV
999 _c1409
_d1409